| Tag |
First Indicator |
Second Indicator |
Subfields |
| LEADER |
00000cam a2200000 a 4500 |
| 001 |
in00001236749 |
| 005 |
20151003071726.0 |
| 008 |
940825s1995 azuab b s001 0 eng |
| 010 |
|
|
|a 94018730
|
| 020 |
|
|
|a 0816514771 (alk. paper)
|
| 035 |
|
|
|a (OCoLC)31075347
|
| 035 |
|
|
|9 AGT5032AM
|
| 040 |
|
|
|a DLC
|c DLC
|d TXA
|d UtOrBLW
|
| 043 |
|
|
|a n-ust--
|
| 049 |
|
|
|a TXAM
|
| 050 |
0 |
0 |
|a HD8039.M72
|b U66 1995
|
| 082 |
0 |
0 |
|a 331.89/2823431/0976
|2 20
|
| 100 |
1 |
|
|a Mellinger, Philip J.,
|d 1940-
|
| 245 |
1 |
0 |
|a Race and labor in western copper :
|b the fight for equality, 1896-1918 /
|c Philip J. Mellinger.
|
| 264 |
|
1 |
|a Tucson :
|b University of Arizona Press,
|c [1995]
|
| 264 |
|
4 |
|c ©1995
|
| 300 |
|
|
|a xii, 269 pages :
|b illustrations, map ;
|c 24 cm.
|
| 336 |
|
|
|a text
|b txt
|2 rdacontent
|
| 337 |
|
|
|a unmediated
|b n
|2 rdamedia
|
| 338 |
|
|
|a volume
|b nc
|2 rdacarrier
|
| 504 |
|
|
|a Includes bibliographical references (pages 205-258) and index.
|
| 505 |
0 |
|
|a Western Federation of Miners unionism begins in the Southwest -- The first big strike in the Southwest: Clifton-Morenci -- Justicia, igualdad, and unionism in Clifton-Morenci -- Union radicals recruit Mexicans, Spaniards, and south Slavs: Bisbee, Jerome, and Globe -- Bingham Canyon: always a union, seldom a strike -- Immigrants and English-speaking men strike together: Bingham Canyon and White Pine County -- Justicia and igualdad again at El Paso and Ray -- Los trabajadores and the Miami Miners' Union combine at Ray -- Unity and victory at Clifton-Morenci -- Labor, management, and the federal government struggle in Arizona -- Conclusion.
|
| 650 |
|
0 |
|a Copper miners
|z Southwestern States
|x Political activity
|x History.
|
| 650 |
|
0 |
|a Labor unions
|x Copper miners
|z Southwestern States
|x History.
|
| 650 |
|
0 |
|a Strikes and lockouts
|x Copper mining
|z Southwestern States
|x History.
|
| 650 |
|
0 |
|a Labor movement
|z Southwestern States
|x History.
|
| 999 |
|
|
|a MARS
|
| 999 |
f |
f |
|s 27788dc8-bdec-3053-9a23-fbb1bdd29590
|i 9c0eb765-c5ae-3868-ab3a-f590b45f31f6
|t 0
|
| 952 |
f |
f |
|p ric
|a Texas A&M University
|b Rellis Campus
|c Joint Library Facility
|d Remote Storage
|t 0
|e HD8039.M72 U66 1995
|h Library of Congress classification
|i unmediated -- volume
|m A14819154562
|
| 998 |
f |
f |
|a HD8039.M72 U66 1995
|t 0
|l Remote Storage
|